01416nam a2200265 a 4500001001000000005001700010008004100027041000800068044000700076084002000083100004500103245017000148260003200318300001900350500025000369500005400619500017900673500005200852500000900904650005200913650005600965650003401021650004501055740005001100BRCA_239620190320203804.0111108s1647----sp-#---###---#000-0#spa-u aspa asp a037b.R43c16471 aCervantes Saavedra, Miguel ded1547-161610aPrimera y segunda parte del Ingenioso Hidalgo Don Quixote de la ManchabA. Don Antonio de Vargas Zapata, Ayalay Manriqueccompuesta por Miguel de Cervantes Saavedra. aMadridbImprenta Realc1647 a480 p.c22 cm. aContenido : Primerta parte. Prólogo del autor. Dedicatoria de D. Antonio de Vargas. Erratas. Tasa. Segunda parte. Aprovaciones y licencia de la edición príncipe. Prólogo del autor. Dedicatoria a D. Antonio de Vargas. Erratas. Tasa. Texto aEdición : Primera edición de la obra completa aCarece de la dedicatoria al Duque de Béjar y los versos preliminares. En el folio 233 hay una portada de la segunda parte. También suprime la dedicatoria Lúdovik Osterc aCon ex-libris de : S. Debernish´s Boo. No. 214 aQM1814aNovela españolayÉpoca clásica, 1500-170014aLiteratura españolayÉpoca clásica, 1500-170014aNovela españolaySiglo XVII14aDon Quijote (Personaje ficticio)eNovela0 aEl Ingenioso Hidalgo Don Quijote de la Mancha